В поисках закономерностей развития Земли и Вселенной: История догм в науках о Земле; пер. с англ.

Bibliographic Details
Main Author: Кэри У. Уоррен
Other Authors: Милановский Е. Е. (редактор)
Language:Russian
Published: Москва, Мир, 1991
Subjects:
Format: MixedMaterials Book
KOHA link:https://koha.lib.tpu.ru/cgi-bin/koha/opac-detail.pl?biblionumber=119562

MARC

LEADER 00000nam0a2200000 4500
001 119562
005 20231031124644.0
010 |a 5030018263 
020 |a RU  |b 91-27303 
035 |a (RuTPU)RU\TPU\book\129411 
090 |a 119562 
100 |a 20070716d1991 m a0rusy5003 ca 
101 1 |a rus  |c eng 
102 |a RU 
105 |a a z 001zy 
200 1 |a В поисках закономерностей развития Земли и Вселенной  |e История догм в науках о Земле  |e пер. с англ.  |f У. Кэри  |g под ред. Е. Е. Милановского 
210 |a Москва  |c Мир  |d 1991 
215 |a 447 с.  |c ил. 
320 |a Словарь терминов: с. 400-431. 
320 |a Именной указатель: с. 432-436. 
320 |a Предметный указатель: с. 437-445. 
610 1 |a закономерности развития 
610 1 |a Земля 
610 1 |a Вселенная 
610 1 |a ретроспектива 
610 1 |a материки 
610 1 |a орогенез 
610 1 |a тектоника 
675 |a 551.1  |v 3 
675 |a 524.8  |v 3 
700 1 |a Кэри  |b У.  |g Уоррен 
702 1 |a Милановский  |b Е. Е.  |4 340 
801 0 |a RU  |b RuMRKP  |c 19950417  |g psbo 
801 1 |a RU  |b 63413507  |c 20070716  |g PSBO 
801 2 |a RU  |b 63413507  |c 20110928  |g PSBO 
942 |c BK